000 01013nam a2200265Ia 4500
003 OSt
005 20221005104351.0
006 a|||||r|||| 00| 0
007 ta
008 221004b |||||||| |||| 00| 0 hin d
020 _a9788190640749 (hbk)
_c250
024 _a11140
037 _b329, 20/03/2014, Vani Prakashan
_cTextual
040 _aCRL
_cCRL
_bhin
041 _2hin
_ahin
082 _aO152,3N33x, Q0
100 _aजोशी, मनोहर श्याम
245 0 _aमनोहर श्याम जोशी की सम्पूर्ण कहानियॉं
246 _aManohar shyām joshī kī sampūrṇa kahāniyaॉan
260 _aदिल्ली
_bफ्रीडम बुक्स भारत
_c2010
300 _a137पृ0
_ccm.
650 _aहिन्दी साहित्य
942 _hO152,3N33x, Q0
_cTEXL
_2cc
999 _c1012476
_d1012476